00665 2200181 4500245003600000020002200036250001100058700002100069100001500090650002000105005001900125260002800144041001400172084000800186300002300194500025700217336000900474 a3 Anak BadungcBoim LebonhText a978-602-8277-82-2 aCet. 1 aMastris Radyamas aBoim Lebon aNovel Indonesia a20231003140639 aSurakartabIndivac2013 aIndonesia a813 a192 hlm. :c19 cm. aDi antara ketiga bersaudara ini, yang lumayan punya pikiran panjang adlah si anak tengah,Rama. Sedangkan si sulung,Mola sedikit lupaan,telmi dan pragmatis. Dia sendiri sampai sekarang nggak yakin dengan emaknya apakah ingin ketemu dan kangen dengannya. atext